000 00343nam a22001337a 4500
008 181203b xxu||||| |||| 00| 0 eng d
020 _a9780312036065
041 _aeng
080 _22nd
_a371
100 _a46
101 _aEDU
245 _aReading Responding & Writing Short Essays and Stories for Composition
_cCaruso,D
942 _2udc
_cBK
999 _c52702
_d52702